Представление документа в формате RUSMARC

ПолеНазваниеЗначение
  Тип записи a
  Библиографический уровень m
001 Контрольный номер UONB/MAIN/43aaa7c91a7d4044a023759b4e2fff6d
005 Дата корректировки 20260703124528.9
010 Индекс ISBN __
d Цена 25 к.
9 Тираж 12000 экз.
100 Данные общей обработки __
a Данные общей обработки 20260703d1986 u y0rusy0189 ca
101 Язык документа 0_
a Язык текста rus
102 Страна публикации __
a Страна публикации RU
105 Кодированные данные (монография) __
a Кодированные данные (монография) a z 001yy
200 Заглавие и сведения об ответственности 1_
a Заглавие Театральные световые приборы
f Первые сведения об ответственности Л. Ц. Шкап
203 Вид содержания и тип средства __
a Вид содержания Текст
b Характеристика содержания визуальный
c Тип средства непосредственный
210 Выходные данные 1_
a Место издания Москва
c Издательство Энергоатомиздат
d Дата издания 1986
215 Физическое описание __
a Объем 92, [1] с.
c Иллюстрации/тип воспроизводства ил.
d Формат 19 см
225 Серия 1_
a Серия Библиотека электромонтера
v Обозначение тома вып. 586
320 Библиография __
a Библиография Библиогр.: с. 93
606 Тематические рубрики 0_
a Основная рубрика Осветительные приборы театральные
610 Ключевые слова 0_
a Ключевые слова театральные осветительные приборы
686 Индексы других классификаций __
a Классификационный индекс 85.330.77
2 Код системы rubbk
700 Автор _1
a Фамилия Шкап
b Имя (инициалы) Л. Ц.
g Полное личное имя Леонид Цаликович
801 Источник записи _0
a Страна RU
b Организация Ульяновская ОНБ
c Дата составления 20260703
g Правила каталогизации RCR
801 Источник записи _1
a Страна RU
b Организация Ульяновская ОНБ
c Дата составления 20260703
g Правила каталогизации RCR
901 Тип документа __
t Тип документа m
909 Создатель записи __
a Создатель записи Фадеева
b Дата создания записи 20260703